Đảng Cộng sản Việt Nam - từ Đại hội đến Đại hội

Tập hợp một số bài viết, bài páht biểu của các đồng chí lãnh đạo Đảng và nhà nước qua các kì đại hội Đảng. Giới thiệu một số tài liệu chuẩn bị đại hội đại biểu lần thứ X của Đảng

Sparad:
Bibliografiska uppgifter
Övriga upphovsmän: Thanh Tân (b.s.), Minh Tuấn (b.s.), Công Huyên (b.s.)
Materialtyp: Bok
Språk:Vietnamese
Publicerad: H. Văn hoá Thông tin 2005
Ämnen:
Taggar: Lägg till en tagg
Inga taggar, Lägg till första taggen!
Thư viện lưu trữ: Mạng thư viện Đại học Đà Nẵng
LEADER 01551nam a2200385 4500
001 000007328
003 3489
005 20120521100517.0
008 110929s2005 viesd
020 |c 95000đ 
041 0 |a vie 
082 |a 324.259707  |b Đan 
245 0 |a Đảng Cộng sản Việt Nam - từ Đại hội đến Đại hội  |c B.s.: Thanh Tân, Minh Tuấn, Công Huyên 
260 |a H.  |b Văn hoá Thông tin  |c 2005 
300 |a 350 tr  |c 28 cm 
520 |a Tập hợp một số bài viết, bài páht biểu của các đồng chí lãnh đạo Đảng và nhà nước qua các kì đại hội Đảng. Giới thiệu một số tài liệu chuẩn bị đại hội đại biểu lần thứ X của Đảng 
653 |a Đảng Cộng sản Việt Nam 
653 |a Đại hội đại biểu toàn quốc 
653 |a Công tác Đảng 
653 |a Bài viết 
653 |a Bài nói chuyện 
700 |a Thanh Tân  |e b.s. 
700 |a Minh Tuấn  |e b.s. 
700 |a Công Huyên  |e b.s. 
910 |a Nguyễn Thị Kim Oanh  |d 29/09/2011 
OWN |a LSP 
AVA |a UDN50  |b LSP  |d 324.259707 Đan  |e available  |t Error 5001 Not defined in file expand_doc_bib_avail.  |f 4  |g 0  |h N  |i 0  |k 1 
999 |a From the UDN01 
AVA |a UDN50  |b LSP  |d 324.259707 Đan  |e available  |t Error 5001 Not defined in file expand_doc_bib_avail.  |f 4  |g 0  |h N  |i 0  |k 1 
TYP |a Monograph 
TYP |a Printed language 
980 |a Mạng thư viện Đại học Đà Nẵng